Teplo, svetlo, voda, vzduch v domácnosti
Gespeichert in:
| 1. Verfasser: | |
|---|---|
| Format: | Buch |
| Schlagworte: | |
| Tags: |
Keine Tags, Fügen Sie das erste Tag hinzu!
|
MARC
| LEADER | 00000nam a22000003a 4500 | ||
|---|---|---|---|
| 001 | stu82083 | ||
| 005 | 20150617225638.7 | ||
| 008 | 031008s--------------------------------d | ||
| 040 | |a STU |b slo | ||
| 041 | 0 | ||
| 100 | 1 | |a Michálik, Anton |4 aut | |
| 245 | 1 | |a Teplo, svetlo, voda, vzduch v domácnosti | |
| 650 | 7 | |a kúrenie |2 stusub | |
| 650 | 7 | |a energetická efektívnosť |2 stusub | |
| 996 | |b 284AU00710 |c A*2072 U |l AAKNAR |s A |a 24 |w stu82083_0001 | ||